Ďalšie významné stretnutie experimentálnych ekonómov v strednej Európe

26. februára 2010 navštívil FNH Vysokej školy ekonomickej v Prahe prof. V. Smith. Slávnostne otvoril najväčšie experimentálne laboratórium v ČR a v rámci výročnej prednášky Liberálneho inštitútu, Praha predniesol v kongresovom centre Českej národnej banky prednášku na aktuálnu tému" Bubliny na hypot...

Ausführliche Beschreibung

Gespeichert in:
Bibliographische Detailangaben
1. Verfasser: Péliová, Jana, 1976-
Format: Buchkapitel
Sprache:Slowakisch
Schlagworte:
Tags: Tag hinzufügen
Keine Tags, Fügen Sie das erste Tag hinzu!

MARC

LEADER 00000naa$a2200000$$$4500
001 0114795
005 20240502072300.9
041 0 |a slo 
044 |a SK 
245 1 0 |a Ďalšie významné stretnutie experimentálnych ekonómov v strednej Európe  |c Jana Péliová 
520 |a 26. februára 2010 navštívil FNH Vysokej školy ekonomickej v Prahe prof. V. Smith. Slávnostne otvoril najväčšie experimentálne laboratórium v ČR a v rámci výročnej prednášky Liberálneho inštitútu, Praha predniesol v kongresovom centre Českej národnej banky prednášku na aktuálnu tému" Bubliny na hypotekárnych trhoch, ktoré zaplavili ekonomiku". 
610 2 0 |a bubliny finančné 
610 2 0 |a prednášky 
610 2 0 |a experimenty 
610 2 0 |a veda ekonomická 
610 2 0 |a trh finančný 
610 2 0 |a trh hypotekárny 
100 1 |a Péliová, Jana, 1976-